| 000 | 00432nam a2200181Ia 4500 | ||
|---|---|---|---|
| 001 | 15117 | ||
| 005 | 20260306165004.0 | ||
| 008 | 260306t2005||||xx |||||||||||||| ||spa|| | ||
| 041 | _aESP | ||
| 082 |
_a530 _bS42 V. 1 2005 |
||
| 100 |
_aSerway, Raymond A. _eAUT |
||
| 245 | 0 |
_aFĂsica: _bpara ciencias e ingenierĂas |
|
| 260 | _c2005 | ||
| 300 |
_aV. 1 _c27 cm. |
||
| 650 | _aGEN | ||
| 654 | _aCCN | ||
| 942 |
_cLIB _dJUS _fJUS _2ddc _n |
||
| 999 |
_c15117 _d15117 |
||